000 00828nam a2200241 i 4500
003 DO-SdBNP
005 20260204131851.0
007 ta
008 260204b2013 dr ||||| |||| 00| 0 spa d
020 _a9789945015027
040 _aDO-SdBNP
_bspa
_cBNPHU
_erda
041 _aspa
082 4 _axxx
_bxxx
_222
245 0 0 _aSistematización del proceso metológico de la primera encuesta nacional de inmigrantes en la República Dominicana (ENI-2012) :
_binforme final
264 4 _aSanto Domingo :
_bEstudios complementarios ENI-2013;
_bFondo de Población de la Naciones Unidas,
_c©2013.
300 _a101 páginas ;
_c23 cm.
336 _atexto
_btxt
_2rdacontent
337 _asin mediación
_bn
_2rdamedia
338 _avolumen
_bnc
_2rdacarrier
590 _aInventariado, 2026/BT
910 _aBtavárez
942 _2ddc
_cLBS1
999 _c60224
_d60224